Що за війну описує Шимон Пекалід у поемі "De bello Ostrogiano" (1600 рік) (Запис № 408680)

МАРК-запис
000 -LEADER
fixed length control field 00844caa a22002417a 4500
001 - CONTROL NUMBER
control field 135333
003 - CONTROL NUMBER IDENTIFIER
control field UA-OsUOA
005 - DATE AND TIME OF LATEST TRANSACTION
control field 20200213092053.0
007 - PHYSICAL DESCRIPTION FIXED FIELD--GENERAL INFORMATION
fixed length control field ta
008 - FIXED-LENGTH DATA ELEMENTS--GENERAL INFORMATION
fixed length control field 20190118b un ||||| |||| 00| 0 ukr d
040 ## - CATALOGING SOURCE
Original cataloging agency UA-OsUOA
Language of cataloging ukr
Transcribing agency UA-OsUOA
Modifying agency UA-OsUOA
041 ## - LANGUAGE CODE
Language code of text/sound track or separate title ukr
080 ## - UNIVERSAL DECIMAL CLASSIFICATION NUMBER
Universal Decimal Classification number 908
090 ## - LOCALLY ASSIGNED LC-TYPE CALL NUMBER (OCLC); LOCAL CALL NUMBER (OCLC)
Classification number (OCLC) (R) ; Classification number, CALL (RLIN) (NR) 908
Local cutter number (OCLC) ; Book number/undivided call number, CALL (RLIN) Я47
100 ## - MAIN ENTRY--PERSONAL NAME
Personal name Яковенко Н.
245 ## - TITLE STATEMENT
Title Що за війну описує Шимон Пекалід у поемі "De bello Ostrogiano" (1600 рік)
Statement of responsibility, etc Н. Яковенко
300 ## - PHYSICAL DESCRIPTION
Extent С. 172–191
650 #7 - SUBJECT ADDED ENTRY--TOPICAL TERM
Topical term or geographic name as entry element 908 Краєзнавство
Source of heading or term UDC
773 0# - HOST ITEM ENTRY
Host Biblionumber 329944
Host Itemnumber 353822
Place, publisher, and date of publication Острог ІІКМ 2006
Other item identifier 102558
Title Метафора спільного дому
Record control number (UA-OsUOA) 43826
International Standard Book Number 966-7631-89-3
942 ## - ADDED ENTRY ELEMENTS (KOHA)
Koha item type Складова частина документа
Source of classification or shelving scheme Universal Decimal Classification
955 ## - COPY-LEVEL INFORMATION (RLIN)
Classification number, CCAL (RLIN) Наукові видання

Немає доступних примірників.